Mujeres: guía de movimientos de musculación: descripción anatómica
Saved in:
| Hovedforfatter: | |
|---|---|
| Format: | Bog |
| Sprog: | spansk |
| Udgivet: |
Barcelona
Paidotribo
2006
|
| Udgivelse: | 2a. ed |
| Fag: | |
| Tags: |
Tilføj Tag
Ingen Tags, Vær først til at tagge denne postø!
|
MARC
| LEADER | 00000nam a2200000 a 4500 | ||
|---|---|---|---|
| 001 | UCG3367 | ||
| 003 | CL-VaPUC | ||
| 008 | 100826e20060000SP |||||||||||||||||spa|d | ||
| 020 | |a 8480197129 | ||
| 082 | 0 | 4 | |a 613.71 |b DEL |2 21 |
| 100 | 0 | |a Delavier, Frédéric |e author |9 552441 | |
| 245 | 1 | 0 | |a Mujeres: guía de movimientos de musculación: descripción anatómica |
| 250 | |a 2a. ed | ||
| 300 | |a 135 p | ||
| 942 | |c BK | ||
| 945 | |d 20100826 00:00:00 |a mfarfan | ||
| 260 | |a Barcelona |b Paidotribo |c 2006 | ||
| 650 | 0 | |a Músculos |9 269552 | |
| 650 | 7 | |a ENTRENAMIENTO FISICO |2 CL-VaPUC |9 307393 | |
| 650 | 0 | |a Actividad física |9 362156 | |
| 650 | 0 | |a Mujer |9 255613 | |
| 583 | |a last modification |c 20100826 00:00:00 |k Rodrigo Vera | ||
| 999 | |c 342436 |d 342434 | ||
| 952 | |0 0 |1 0 |4 0 |6 613_710000000000000_DEL_2006 |7 0 |8 C |9 438627 |a BIBCUR |b BIBCUR |d 2019-11-22 |i 4708350 |o 613.71 DEL 2006 |p 4708350 |r 2025-04-22 |w 2019-11-22 |y BK |k DEN | ||